[Event "Rodovremesterskabet Gruppe B 2007"]
[Site "Rodovre"]
[Date "2007.10.23"]
[Round "7"]
[White "Hviid, Jens Carl"]
[Black "Helleshoj, Knud Erik"]
[Result "0-1"]
[WhiteElo "1441"]
[BlackElo "1527"]
[PlyCount "118"]
[EventDate "2007.??.??"]
[SourceDate "2005.11.09"]

1. c4 e5 2. Nc3 Nc6 3. g3 g6 4. Bg2 Bg7 5. Nf3 Nge7 6. O-O O-O 7. d3 d6 8. Bg5
Be6 9. Qd2 Qd7 10. Bxe7 Nxe7 11. e3 c6 12. Ng5 Nf5 13. Nxe6 Qxe6 14. Bh3 Qf6
15. Ne4 Qe6 16. Ng5 Qe7 17. Ne4 Nh6 18. f4 exf4 19. Rxf4 Rae8 20. Re1 d5 21.
cxd5 cxd5 22. Nf2 Be5 23. Rh4 Qg5 24. Kg2 d4 25. Ne4 dxe3 26. Qxe3 Qxe3 27.
Rxe3 Kg7 28. b3 Bf6 29. Rf4 Bg5 30. Ref3 Bxf4 31. Rxf4 f5 32. Nc5 b6 33. Na6
Re2+ 34. Rf2 Rfe8 35. Nb4 Nf7 36. Kg1 Rxf2 37. Kxf2 Rc8 38. Bg2 a5 39. Nc6 Re8
40. d4 Nd6 41. d5 Kf7 42. Nd4 Ne4+ 43. Kf3 Rd8 44. Ke3 Nc3 45. Nc6 Rd6 46. Ne5+
Kf6 47. Nc4 Rd8 48. Kd4 Nxa2 49. Nxb6 Nc1 50. Nc4 Nxb3+ 51. Kc3 Rb8 52. Bf3 Ke7
53. Bd1 a4 54. Bf3 Nc5 55. Kd4 Ne4 56. Bxe4 fxe4 57. Kxe4 Rb4 58. Kd3 a3 59.
Kc3 Rxc4+ 0-1

[Event "Rodovremesterskabet Gruppe B 2007"]
[Site "Rodovre"]
[Date "2007.10.23"]
[Round "7"]
[White "Gemzoe, Bjorn"]
[Black "Rohder, Bjarne"]
[Result "1-0"]
[WhiteElo "1524"]
[BlackElo "1405"]
[PlyCount "83"]
[EventDate "2007.??.??"]
[SourceDate "2005.11.09"]

1. e4 e5 2. d4 exd4 3. Qxd4 Nc6 4. Qe3 b6 5. Nc3 Bc5 6. Qg3 Bd4 7. Bd2 Be5 8.
f4 Bf6 9. h4 d6 10. O-O-O g6 11. Bb5 Bd7 12. Nd5 Bg7 13. Bc3 Nf6 14. Bxc6 Bxc6
15. Nxf6+ Bxf6 16. e5 Bg7 17. exd6 O-O 18. Bxg7 Kxg7 19. Qc3+ Kg8 20. Qxc6 Qf6
21. Nh3 cxd6 22. Qxd6 Qf5 23. Rd5 Qe4 24. Rhd1 Rac8 25. R5d2 Qe3 26. Qe5 Qg3
27. Qg5 Qe3 28. f5 Qe5 29. f6 Qe6 30. Kb1 Rc5 31. Qf4 Rf5 32. Qc7 Rxf6 33. Qxa7
Rf5 34. Qd7 Qc4 35. Qd4 Qe6 36. Ng5 Qe7 37. g4 Rc5 38. Ne4 Rc6 39. g5 Rfc8 40.
Nf6+ Kf8 41. Nd5 Qe6 42. Qh8# 1-0

[Event "Rodovremesterskabet Gruppe B 2007"]
[Site "Rodovre"]
[Date "2007.10.23"]
[Round "7"]
[White "Nielsen, Niels Holger"]
[Black "Nielsen, Kurt Sogaard"]
[Result "1/2-1/2"]
[WhiteElo "1489"]
[BlackElo "1594"]
[PlyCount "103"]
[EventDate "2007.??.??"]
[SourceDate "2005.11.09"]

1. e4 c5 2. Nf3 Nc6 3. d4 cxd4 4. Nxd4 e6 5. Be2 Nf6 6. Nc3 Bb4 7. Bg5 a6 8.
O-O Be7 9. a3 O-O 10. Nf3 h6 11. Bh4 Nxe4 12. Nxe4 Bxh4 13. Nxh4 Qxh4 14. Nd6
Qf4 15. Nxc8 Raxc8 16. Qxd7 b5 17. Qb7 Nd4 18. Bd3 Qd6 19. Qe4 f5 20. Qh4 Nxc2
21. Rad1 Qe5 22. Qh5 Qf6 23. Rd2 Nd4 24. Rfd1 e5 25. Bb1 Rc6 26. Ba2+ Kh7 27.
Qh3 Rfc8 28. Qd3 Rc1 29. Qf1 Rxd1 30. Qxd1 Qg5 31. Bb1 Nf3+ 32. Qxf3 Qxd2 33.
Qxf5+ Kg8 34. Qh7+ Kf8 35. Qf5+ Ke7 36. g3 Rc1+ 37. Kg2 Qxb2 38. Be4 Qd4 39.
Qg6 Kd8 40. Qh7 Rc4 41. Qg8+ Kc7 42. Qxg7+ Kb6 43. Qxh6+ Ka5 44. Bb7 Qb6 45.
Qd2+ b4 46. Qd5+ Rc5 47. axb4+ Qxb4 48. Qd8+ Qb6 49. Qd2+ Ka4 50. Qa2+ Kb5 51.
Qb3+ Ka5 52. -- 1/2-1/2

[Event "Rodovremesterskabet Gruppe B 2007"]
[Site "Rodovre"]
[Date "2007.10.23"]
[Round "7"]
[White "Rugaard, Michael R"]
[Black "Hansen, Ernst Mader"]
[Result "1/2-1/2"]
[WhiteElo "1442"]
[BlackElo "1424"]
[PlyCount "58"]
[EventDate "2007.??.??"]
[SourceDate "2005.11.09"]

1. e4 d5 2. exd5 Qxd5 3. Nf3 Bg4 4. Nc3 Qa5 5. Be2 c6 6. d3 Nf6 7. Bd2 Nbd7 8.
b4 Qc7 9. a4 e6 10. b5 Bd6 11. h3 Bh5 12. Ng5 Bxe2 13. Qxe2 O-O 14. Nge4 Nxe4
15. Nxe4 Be5 16. Rb1 cxb5 17. axb5 Qxc2 18. O-O Rfc8 19. Rfc1 Qa4 20. Qf3 Rxc1+
21. Rxc1 Qxb5 22. d4 Bxd4 23. Nd6 Qd5 24. Qxf7+ Kh8 25. Qxd7 Rf8 26. Be3 Bxe3
27. fxe3 Qa2 28. Rc8 Qa1+ 29. Kh2 Qe5+ 1/2-1/2